00539cam a22001931 4500001001300000003000400013005001700017008004100034010001700075035002000092040003700112042001200149050002300161100003300184245004500217260004100262300002700303999001500330af 48003575 DLC20260227110903.0890329s1944 gw a 000 1 ger c aaf 48003575  a(OCoLC)19473588 aCalifornia. Univ. Libr.cCUdDLC apremarc00aPT2517.S8bH3 19441 aSmidt, Heinrich,d1798-1867.10aHamburg und die Antillen,bein Seeroman. aHamburg,bHammerich & Lesserc[1944] a344 p.billus.c20 cm. c5661d5661